[Event "16th Nikea Open"]
[Site "Athens GRE"]
[Date "2008.08.28"]
[Round "4"]
[White "Stoumbos,K"]
[Black "Kymionis,K"]
[Result "1-0"]
[WhiteElo "2161"]
[BlackElo "1965"]

1.e4 c5 2.Nf3 e6 3.d4 cxd4 4.Nxd4 a6 5.Bd3 Bc5 6.c3 Qc7 7.O-O Nf6 8.f4 Nc6
9.Be3 Qb6 10.Nd2 d5 11.b4 Nxb4 12.Rb1 dxe4 13.Bxe4 a5 14.a3 O-O 15.axb4 axb4
16.Bf3 Qd8 17.N2b3 Bb6 18.c4 Ra3 19.Qc1 Qc7 20.c5 Bxc5 21.Nxc5 Rxe3 22.Qxe3 Qxc5
23.Rfc1 Qe7 24.Qe5  1-0

[Event "XLII Open"]
[Site "Mislata ESP"]
[Date "2008.08.29"]
[Round "6"]
[White "Jordan Arenas,M"]
[Black "Valverde Caballero,R"]
[Result "1-0"]
[WhiteElo "2134"]
[BlackElo "1992"]

1.e4 c5 2.Nf3 e6 3.d4 cxd4 4.Nxd4 a6 5.Bd3 Qc7 6.O-O Nf6 7.Be3 d5 8.exd5 Nxd5
9.Bd2 Bd6 10.Qh5 g6 11.Qh6 Bf8 12.Qh4 Be7 13.Bg5 Bxg5 14.Qxg5 Qe7 15.Qh6 Qf6
16.Nf3 Qxb2 17.Nbd2 Qa3 18.Ne4 Qf8 19.Qd2 Qe7 20.c4 Nf6 21.Qc3 Nbd7 22.c5 O-O
23.c6 Nd5 24.Qc1 N7f6 25.Qh6 Nxe4 26.Bxe4 bxc6 27.Rac1 Bb7 28.Rfe1 Qf6 29.Rc4 Qg7
30.Qh3 f5 31.Bc2 Rfe8 32.Rh4 e5 33.Ng5 Nf4 34.Qb3+ Nd5 35.Rxh7 Qf6 36.Qxb7 Ne7  1-0

[Event "8th Open"]
[Site "Velika Gorica CRO"]
[Date "2008.08.29"]
[Round "8"]
[White "Krnic,I"]
[Black "Raljic,M"]
[Result "0-1"]
[WhiteElo "2192"]
[BlackElo "2145"]

1.e4 c5 2.Nf3 e6 3.d4 cxd4 4.Nxd4 a6 5.Bd3 b5 6.O-O Bb7 7.a4 b4 8.Be3 Qc7
9.c3 Nc6 10.Nxc6 Bxc6 11.Nd2 Nf6 12.Bd4 Bd6 13.h3 Be5 14.Qe2 bxc3 15.bxc3 O-O
16.Nf3 Bf4 17.g3 Bh6 18.Kh2 a5 19.Ne5 Bb7 20.f4 g6 21.Rab1 Bg7 22.Nf3 d5
23.e5 Ne4 24.Ng5 Nxg5 25.fxg5 Bc6 26.Bc2 Rfb8 27.h4 Qd7 28.h5 Rxb1 29.Rxb1 Bxa4
30.Bd3 Bf8 31.Qe3 Bc6 32.h6 a4 33.Kh3 a3 34.Ra1 Be7 35.Kg4 Bb5 36.Bc2 Bc4
37.Bc5 a2 38.Bxe7 Qxe7 39.Qb6 Qd8 40.Qb7 Rb8 41.Qa7 Ra8 42.Qb7 d4 43.Be4 Rb8
44.Qa7 dxc3 45.Bc2 Ra8 46.Qb7 Qd4+ 47.Kh3 Bd5 48.Qe7 Qf2 49.Rxa2 Bg2+  0-1

[Event "XLII Open"]
[Site "Mislata ESP"]
[Date "2008.08.30"]
[Round "8"]
[White "Berbatov,K"]
[Black "Sospedra Sebastian,J"]
[Result "1/2-1/2"]
[WhiteElo "2250"]
[BlackElo "2294"]

1.e4 c5 2.Nf3 e6 3.d4 cxd4 4.Nxd4 a6 5.Bd3 Nf6 6.O-O d6 7.f4 Nbd7 8.Kh1 Qc7
9.Nc3 Be7 10.Qe2 b5 11.a3 Bb7 12.Bd2 O-O 13.Rae1 Rad8 14.Rf3 Nc5 15.b4 Nxd3
16.cxd3 Nd7 17.Rc1 Qb8 18.Rh3 Rfe8 19.Nd1 Rc8 20.Ne3 Bf6 21.Nf3 Rxc1+ 22.Bxc1 Qc7
23.Bd2 Bc3 24.Ne1 Bxd2 25.Qxd2 Rc8 26.N3c2 e5 27.Kg1 d5 28.fxe5 Nxe5 29.exd5 Bxd5
30.d4 Ng6 31.Rh5 Rd8 32.Ne3 Be4 33.Rc5 Qd6 34.d5 Nf4 35.N1c2 Qh6 36.Qd1 Qg6
37.Qg4 Qxg4 38.Nxg4 Bxd5 39.Nce3 Be6 40.g3 Ng6 41.Nf2 h6 42.Rc6 Ra8 43.Ne4 Ne5
44.Rb6 Nc4 45.Nxc4 Bxc4 46.Nd6 Bd3 47.Kf2 a5 48.Nxb5 axb4 49.axb4 Ra2+ 50.Kg1 Ra1+
51.Kf2 Ra2+ 52.Kg1 Ra1+  1/2-1/2

[Event "Liga Nacional Ajedrez"]
[Site "Villa Martelli ARG"]
[Date "2008.08.30"]
[Round "4"]
[White "Ocampos,I"]
[Black "Lopez,Ri"]
[Result "0-1"]
[WhiteElo "1881"]
[BlackElo "2205"]

1.e4 c5 2.Nf3 e6 3.d4 cxd4 4.Nxd4 a6 5.Bd3 Nc6 6.Nb3 Nf6 7.O-O Be7 8.Bf4 d6
9.Nc3 O-O 10.a4 b6 11.Be2 Bb7 12.Bg3 Qc7 13.f4 Rfd8 14.Bf3 Nb4 15.Qe2 Rac8
16.Bf2 d5 17.e5 Ne4 18.Nxe4 dxe4 19.Bxe4 Bxe4 20.Qxe4 Qxc2 21.Qb7 Rc7 22.Qf3 Rd3
23.Qa8+ Rc8 24.Qb7 Rxb3 25.Qxe7 Nd5 26.Qh4 Rxb2 27.Rad1 h6 28.f5 Rb4 29.Qh5 Nf4
30.Qf3 Qxf5 31.Bg3 g5 32.Bxf4 Rxf4 33.Qb7 Rc2 34.Rxf4 gxf4 35.Qa8+ Kg7 36.Rd8 Rc1+
37.Kf2 Qc2+ 38.Kf3 Rf1+ 39.Kg4 Qf5+ 40.Kh4 Qg5+ 41.Kh3 Qh5+  0-1

[Event "16th Nikea Open"]
[Site "Athens GRE"]
[Date "2008.08.31"]
[Round "8"]
[White "Sigouros,I"]
[Black "Kordis,K"]
[Result "0-1"]
[WhiteElo "2008"]
[BlackElo "2216"]

1.e4 c5 2.Nf3 e6 3.d4 cxd4 4.Nxd4 a6 5.Bd3 Qc7 6.Qe2 Nf6 7.c4 d6 8.Nc3 g6
9.O-O Bg7 10.Be3 O-O 11.Kh1 Nc6 12.Nxc6 bxc6 13.f4 Bb7 14.Rac1 Nd7 15.Qf2 f5
16.exf5 gxf5 17.c5 d5 18.Bd4 Nf6 19.Qh4 Ne4 20.Bxg7 Qxg7 21.Rf3 Rf6 22.Bxe4 fxe4
23.Rg3 Rg6 24.Rxg6 hxg6 25.Re1 Rf8 26.Qg5 a5 27.a3 Ba6 28.Ne2 Bxe2 29.Rxe2 Qf6
30.Qxf6 Rxf6 31.g3 Rf8 32.b4 axb4 33.axb4 Rb8 34.Rb2 Kf7 35.Kg2 e5 36.Kf2 d4
37.Ke2 Ke6 38.fxe5 Kxe5 39.h4 Kd5 40.g4 Rh8 41.b5 cxb5 42.Rxb5 Rxh4 43.c6+ Kxc6
44.Rg5 Rh2+ 45.Ke1 e3 46.Rxg6+ Kd5 47.Rg8 d3 48.Rd8+ Ke4 49.Re8+ Kf3 50.Rf8+ Kg3
51.g5 Ra2  0-1

[Event "7th Open"]
[Site "Izmir TUR"]
[Date "2008.08.31"]
[Round "3"]
[White "Yilmaz,M"]
[Black "Aydogdu,E"]
[Result "1-0"]
[WhiteElo "2362"]
[BlackElo "2007"]

1.e4 c5 2.Nf3 e6 3.d4 cxd4 4.Nxd4 a6 5.Bd3 Bc5 6.Nb3 Be7 7.O-O d6 8.a4 b6
9.Be3 Nc6 10.f4 Nf6 11.Nc3 Qc7 12.Qf3 Nd7 13.Rae1 Bf6 14.g4 Rb8 15.g5 Bxc3
16.bxc3 Na5 17.Nd4 O-O 18.Qh5 Rd8 19.f5 e5 20.Ne2 Nf8 21.Rf3 Nc4 22.Bc1 Bb7
23.f6 d5 24.Ng3 g6 25.Qh6 Ne6 26.Nf5 Qc5+ 27.Kf1 Qf8 28.Ne7+ Kh8 29.Qxh7+  1-0

[Event "17th CRO-chT 1a"]
[Site "Sibenik CRO"]
[Date "2008.09.01"]
[Round "5"]
[White "Kutuzovic,B"]
[Black "Sulava,N"]
[Result "1/2-1/2"]
[WhiteElo "2313"]
[BlackElo "2492"]

1.e4 c5 2.Nf3 e6 3.d4 cxd4 4.Nxd4 a6 5.Bd3 Nf6 6.O-O e5 7.Bg5 d6 8.Nf5 Bxf5
9.Bxf6 gxf6 10.exf5 d5 11.c4 dxc4 12.Be4 Qxd1 13.Rxd1 Ra7 14.Rc1 b5 15.a4 Bc5  1/2-1/2

[Event "17th CRO-chT 1w"]
[Site "Sibenik CRO"]
[Date "2008.09.02"]
[Round "6"]
[White "Solic,K"]
[Black "Ivekovic,I"]
[Result "1/2-1/2"]
[WhiteElo "2195"]
[BlackElo "1897"]

1.e4 c5 2.Nf3 e6 3.d4 cxd4 4.Nxd4 a6 5.Bd3 Nf6 6.O-O d6 7.Qe2 Nbd7 8.Nd2 g6
9.f4 Bg7 10.N2f3 O-O 11.Kh1 Nc5 12.c3 Nxd3 13.Qxd3 b6 14.e5 Nd5 15.Qe4 dxe5
16.fxe5 Qc7 17.Bg5 h6 18.Qh4 h5 19.Rac1 Re8 20.c4 Ne7 21.Bf6 Nf5 22.Nxf5 exf5
23.Qg5 Kh7 24.Bxg7 Kxg7 25.Rfd1 Be6 26.Rd6 Kh7 27.Qf6 Rad8 28.Ng5+ Kh6 29.Nxe6 fxe6
30.Rxe6 Rxe6 31.Qxe6 Qc5 32.Qf6 Qd4 33.Rg1 Re8 34.h4 Qxe5 35.Qxe5 Rxe5 36.g3 g5
37.hxg5+ Kxg5 38.Rg2 Re1+ 39.Kh2 Kg4 40.Rf2 Re4 41.b3 Rd4 42.Kg2  1/2-1/2

[Event "ch-ISL"]
[Site "Reykjavik ISL"]
[Date "2008.09.03"]
[Round "8"]
[White "Ulfarsson,M"]
[Black "Stefansson,H"]
[Result "0-1"]
[WhiteElo "2403"]
[BlackElo "2566"]

1.e4 c5 2.Nf3 e6 3.d4 cxd4 4.Nxd4 a6 5.Bd3 Bc5 6.Nb3 Be7 7.O-O d6 8.Qg4 g6
9.Qg3 Nc6 10.a4 h5 11.Na3 h4 12.Qe3 Nf6 13.Bd2 e5 14.f4 Ng4 15.Qe2 exf4 16.Bxf4 h3
17.Nc4 hxg2 18.Qxg2 Nge5 19.Bxe5 dxe5 20.Qf2 Be6 21.Kh1 Bh4 22.Qg1 Qe7 23.Nb6 Rd8
24.Nd5 Rxd5  0-1

[Event "17th CRO-chT 1b"]
[Site "Sibenik CRO"]
[Date "2008.09.04"]
[Round "8"]
[White "Brnas,A"]
[Black "Curic,D"]
[Result "1-0"]
[WhiteElo "2308"]
[BlackElo "2195"]

1.e4 c5 2.Nf3 e6 3.d4 cxd4 4.Nxd4 a6 5.Bd3 Qc7 6.Nc3 Nf6 7.O-O d6 8.Kh1 Nbd7
9.f4 b6 10.Qe2 Bb7 11.Bd2 h5 12.Rae1 h4 13.Rf3 h3 14.Rxh3 Rxh3 15.gxh3 b5
16.a3 g6 17.Qg2 O-O-O 18.Be2 Kb8 19.Bf3 Bg7 20.Nb3 Nb6 21.Na5 Ba8 22.Na2 Nc4
23.Nxc4 Qxc4 24.Ba5 Rc8 25.Nb4 Ka7 26.e5 Bxf3 27.Qxf3 Nd7 28.exd6 Bxb2 29.Bc7 a5
30.Bxa5 Bc3 31.Re4 Qc5 32.Bc7 Bf6 33.Re3 Nb6 34.Rd3 Nd7 35.Rb3 Qh5 36.Qf2+ Qc5
37.Qg2 Qc4 38.Nc6+ Ka6 39.a4 Qxa4 40.Nb4+  1-0

[Event "17th CRO-chT 1b"]
[Site "Sibenik CRO"]
[Date "2008.09.05"]
[Round "9"]
[White "Bosiocic,Mari"]
[Black "Ljubicic,F"]
[Result "1/2-1/2"]
[WhiteElo "2540"]
[BlackElo "2415"]

1.e4 c5 2.Nf3 e6 3.d4 cxd4 4.Nxd4 a6 5.Bd3 Bc5 6.Nb3 Ba7 7.Qg4 Nf6 8.Qg3 d6
9.Nc3 Nc6 10.Bg5 h6 11.Bd2 Ne5 12.O-O-O g5 13.Be2 b5 14.a3 Bb7 15.Be3 Bxe3+
16.Qxe3 Rc8 17.f3 Qc7 18.Rd2 Nc4 19.Bxc4 bxc4 20.Nd4 Qc5 21.h4 Rg8 22.Rhd1 Qe5
23.hxg5 hxg5 24.Nde2 d5 25.g3 Kf8 26.f4 gxf4 27.gxf4 Qc7 28.f5 Ng4 29.Qh3 Qh2
30.Qxh2 Nxh2 31.fxe6 Nf3 32.Rf1 dxe4  1/2-1/2

[Event "1st Women It"]
[Site "Tashkent UZB"]
[Date "2008.09.05"]
[Round "1"]
[White "Tokhirjanova,H"]
[Black "Gevorgyan,I"]
[Result "1-0"]
[WhiteElo "2106"]
[BlackElo "2154"]

1.e4 c5 2.Nf3 e6 3.d4 cxd4 4.Nxd4 a6 5.Bd3 Nf6 6.O-O Qc7 7.Qe2 d6 8.Na3 Nc6
9.Nxc6 bxc6 10.f4 d5 11.e5 Nd7 12.c4 Bc5+ 13.Kh1 O-O 14.Nc2 a5 15.b3 Re8
16.Bb2 Bf8 17.Ne3 a4 18.Qc2 g6 19.cxd5 Qa7 20.dxe6 Qxe3 21.exd7 Bxd7 22.f5 axb3
23.axb3 Rxa1 24.Bxa1 Qg5 25.e6 fxe6 26.fxg6 hxg6 27.Bxg6  1-0

[Event "3rd XtraCon EMT"]
[Site "Borup DEN"]
[Date "2008.09.06"]
[Round "3"]
[White "Skjoldager,F"]
[Black "Pedersen,HaD"]
[Result "1/2-1/2"]
[WhiteElo "2013"]
[BlackElo "2213"]

1.e4 c5 2.Nf3 e6 3.d4 cxd4 4.Nxd4 a6 5.Bd3 Qc7 6.O-O Nf6 7.c4 b6 8.Nc3 Bb7
9.Qe2 d6 10.Bd2 Nbd7 11.b3 Ne5 12.Bc2 g6 13.Kh1 Bg7 14.f4 Nc6 15.Nxc6 Bxc6
16.Rae1 O-O 17.Bb1 Qb7 18.Rf3 d5 19.cxd5 exd5 20.exd5 Nxd5 21.Nxd5 Bxd5 22.Re3 Bf6
23.Be4 Rfd8 24.Bxd5 Qxd5 25.Bc3 Bxc3 26.Rxc3 Rd7 27.Re3 b5 28.Qb2 Qd4 29.Qxd4 Rxd4
30.g3 Rd2 31.R3e2 Rad8 32.Kg1 Kg7 33.Kf1 Kf6 34.Rxd2 Rxd2 35.Re2 Rd6 36.Kf2 h5
37.Kg2 Rd3 38.Rc2 a5 39.Re2 a4 40.bxa4 bxa4 41.Kh3 a3 42.Kh4 Rd1 43.Kh3 Ra1
44.g4 hxg4+ 45.Kxg4 Rb1 46.Re3 Rb2 47.Rxa3 Rxh2 48.Ra6+ Kg7 49.Kg3 Rc2 50.a4 Rc3+
51.Kf2 Ra3 52.Kg2 Kh6 53.f5 Kg5 54.fxg6 fxg6 55.Ra8 Kg4 56.a5 Ra2+ 57.Kf1 g5
58.a6 Kf3 59.Rf8+ Kg3 60.Ra8  1/2-1/2

[Event "SuperLiga-ROM"]
[Site "Eforie Nord ROM"]
[Date "2008.09.06"]
[Round "6"]
[White "Dragomirescu,R"]
[Black "Taras,D"]
[Result "1-0"]
[WhiteElo "2232"]
[BlackElo "2256"]

1.e4 c5 2.Nf3 e6 3.d4 cxd4 4.Nxd4 a6 5.Bd3 Qc7 6.O-O Nc6 7.Nxc6 bxc6 8.Qe2 d6
9.f4 e5 10.b3 Be7 11.Bb2 Bf6 12.f5 h5 13.Nd2 Ne7 14.Nc4 c5 15.Rad1 Bd7 16.Qd2 Nc6
17.c3 Rd8 18.Be2 Bc8 19.Nxd6+ Kf8 20.Qd5 Na5 21.Bc4 Rd7 22.Qa8 Nxc4 23.Nxc4 Ke7
24.Rxd7+ Qxd7 25.Ba3  1-0

[Event "DMP Ekstraliga"]
[Site "Karpacz POL"]
[Date "2008.09.06"]
[Round "1"]
[White "Gritsak,O"]
[Black "Kveinys,A"]
[Result "1/2-1/2"]
[WhiteElo "2522"]
[BlackElo "2527"]

1.e4 c5 2.Nf3 e6 3.d4 cxd4 4.Nxd4 a6 5.Bd3 Nf6 6.O-O Qc7 7.Qe2 d6 8.c4 g6
9.Nc3 Bg7 10.Rd1 O-O 11.Nf3 Nc6 12.Bf4 e5 13.Be3 Bg4 14.h3 Nd4 15.Bxd4 Bxf3
16.Qxf3 exd4 17.Nd5 Nxd5 18.cxd5 Bh6 19.h4 Rac8 20.g3 Qb6 21.Rab1 Rc5 22.Kg2 Rfc8
23.Qf6 Bg7 24.Qg5 Qd8 25.Qxd8+ Rxd8 26.Rbc1 Rdc8 27.Rxc5 Rxc5 28.f4 Bf6 29.Kf3 Kg7
30.a3 Bd8 31.Rh1 h5 32.Ke2 Bf6 33.Kd2 Kf8 34.Re1 Bg7 35.Rb1 Bf6 36.Bf1 Bd8
37.Kd3 Bb6 38.Bh3 Ke7 39.g4 hxg4 40.Bxg4 Ba7 41.Rh1 a5 42.a4 Bb6 43.Re1 Ba7
44.h5 gxh5 45.Bxh5 Rc8 46.e5 Rh8 47.exd6+ Kxd6 48.Bxf7 Rh3+ 49.Kc4 Re3 50.Rxe3 dxe3
51.Bh5 Bb6 52.Bf3 Ke7 53.Kd3 Bc5 54.Ke4 Kf6 55.Be2 Bb6 56.Bg4 Bc5 57.b3 Bb6
58.Kf3 Bc5 59.Bc8 b6 60.Bg4 Ke7 61.Ke4 Kf6 62.Be2 Bd6 63.Kxe3 Kf5 64.Bd3+ Kg4
65.f5 Kg5 66.Ke4 Kf6 67.Ba6 Ba3 68.Bc8 Ke7 69.Be6 Bb2 70.Kd3 Kd6 71.Kc4 Be5
72.b4 axb4 73.Kxb4 Bf6 74.Kc4 Bb2 75.Bf7 Bg7 76.Bh5 Bb2 77.Bd1 Bg7 78.Bb3 Bb2
79.Kb5 Bd4 80.Ba2 Kc7 81.Ka6 Be5 82.d6+ Bxd6 83.f6 Be5 84.f7 Bg7 85.Kb5 Bh6
86.a5 bxa5 87.Kxa5  1/2-1/2

[Event "5th LGA Premium Cup"]
[Site "Nuernberg GER"]
[Date "2008.09.06"]
[Round "4"]
[White "Frey,Al"]
[Black "Siebrecht,S"]
[Result "0-1"]
[WhiteElo "1939"]
[BlackElo "2453"]

1.e4 c5 2.Nf3 e6 3.d4 cxd4 4.Nxd4 a6 5.Bd3 Bc5 6.Nb3 Be7 7.Qg4 g6 8.Qe2 Nc6
9.c4 d6 10.O-O Qc7 11.Nc3 Ne5 12.Be3 Nf6 13.h3 O-O 14.Rac1 Nxd3 15.Qxd3 Nd7
16.f4 b6 17.f5 Ne5 18.Qe2 Re8 19.Nd2 Bf8 20.b3 Bd7 21.Nf3 Bg7 22.Nxe5 Bxe5
23.Qf2 Rab8 24.f6 Rec8 25.Qh4 Qd8 26.Bh6 b5 27.Bg7 Qb6+ 28.Kh1 Qe3 29.Bh6 Qg3
30.Qxg3 Bxg3 31.cxb5 axb5 32.Ne2 Be5 33.Bf4 Ra8 34.Bxe5 dxe5 35.Rxc8+ Bxc8
36.Rd1 Bb7 37.Nc3 b4 38.Na4 Bxe4 39.Re1 Bc6 40.Rxe5 Bxa4 41.bxa4 Rxa4 42.Rb5 h5
43.Kg1 Kh7 44.Rb7 g5 45.Rxf7+ Kg6 46.Rf8 Rxa2 47.f7 Ra1+ 48.Kf2 Ra5 49.Rb8 Kxf7
50.Rxb4 Kf6 51.Kf3 Ra3+ 52.Ke4 Ra2 53.Kf3 h4 54.Rb5 Rd2 55.Ra5 Rd5 56.Ra8 Ke5
57.Ra3 Kf5 58.g4+ Kf6 59.Ke4 Re5+ 60.Kf3 Re1 61.Kf2 Re4 62.Kf3 Rb4 63.Ke3 Rb2
64.Kf3 Rb1 65.Ke3 Rd1 66.Kf3 Rd2 67.Ke3 Rg2 68.Ke4 Re2+ 69.Kf3 Rd2 70.Ke3 Rd1
71.Kf3 Ke5 72.Ra5+ Rd5 73.Ra3 Rc5 74.Ke3 Kd5 75.Rd3+ Ke5 76.Ra3 Rd5 77.Rb3 Rd1
78.Rb5+ Kf6 79.Rb3 Rf1 80.Ra3 Re1+ 81.Kf3 Re5 82.Rb3 Ke7 83.Rd3 Rd5 84.Ra3 Kd6
85.Ra6+ Ke5 86.Ra3 Kd4 87.Ra4+ Kc3 88.Ra3+ Kd2 89.Ra2+ Ke1 90.Re2+ Kf1 91.Rxe6 Rd3+
92.Ke4 Rxh3 93.Kf5 Rg3 94.Kxg5 h3 95.Rh6 Kg2 96.Kf5 h2 97.Rxh2+ Kxh2 98.g5 Kh3
99.g6 Kh4 100.Kf6 Kh5 101.g7 Kh6  0-1

[Event "TCh-FIN"]
[Site "Finland FIN"]
[Date "2008.09.07"]
[Round "2"]
[White "Pulkkinen,K"]
[Black "Kauko,J"]
[Result "1/2-1/2"]
[WhiteElo "2308"]
[BlackElo "2274"]

1.e4 c5 2.Nf3 e6 3.d4 cxd4 4.Nxd4 a6 5.Bd3 Bc5 6.Nb3 Ba7 7.Nc3 Nc6 8.Qe2 d6
9.Be3 Nf6 10.f4 b5 11.a4 b4 12.Nd1 e5 13.Bxa7 Rxa7 14.O-O O-O 15.Ne3 a5 16.Rad1 Be6
17.Nd5 Bxd5 18.exd5 Nd4 19.Nxd4 exd4 20.Qf2 Nxd5 21.Qxd4 Qb6 22.Qxb6 Nxb6
23.b3 Re7 24.Bb5 Rd8 25.Rfe1 Kf8 26.Rxe7 Kxe7 27.Kf2 Rc8 28.Rd2 h6 29.Ke3 Rc5
30.Ke4 g5 31.fxg5 hxg5  1/2-1/2

[Event "TCh-FIN"]
[Site "Finland FIN"]
[Date "2008.09.07"]
[Round "2"]
[White "Nyysti,S"]
[Black "Luukkonen,T"]
[Result "1-0"]
[WhiteElo "2359"]
[BlackElo "2287"]

1.e4 c5 2.Nf3 e6 3.d4 cxd4 4.Nxd4 a6 5.Bd3 Nf6 6.O-O e5 7.Nf3 Nc6 8.Nc3 Bc5
9.Bg5 h6 10.Bxf6 Qxf6 11.Nd5 Qd8 12.c3 d6 13.Qd2 O-O 14.Rad1 Bg4 15.Be2 f5
16.Ne3 fxe4 17.Nxg4 exf3 18.Bxf3 Qh4 19.b4 Bb6 20.Qxd6 Rxf3 21.gxf3 h5 22.Ne3 Rf8
23.Qg6 Qh3 24.Qg3 Qe6 25.Kh1 Rf6 26.Nd5 Rg6 27.Qh4 Bd8 28.Qe4 Rg5 29.Ne3 Qxa2
30.h4  1-0

[Event "3rd PGMA Cup"]
[Site "Manila PHI"]
[Date "2008.09.07"]
[Round "1"]
[White "Wang Li"]
[Black "Mchedlishvili,M"]
[Result "1/2-1/2"]
[WhiteElo "2392"]
[BlackElo "2604"]

1.e4 c5 2.Nf3 e6 3.d4 cxd4 4.Nxd4 a6 5.Bd3 Ne7 6.O-O Nbc6 7.Nb3 g6 8.Bd2 Bg7
9.Bc3 e5 10.f4 d5 11.fxe5 Nxe5 12.exd5 Nxd5 13.Be4 Nxc3 14.Qxd8+ Kxd8 15.Nxc3 f5
16.Bd5 Kc7 17.Rad1 Rb8 18.Nd4 Rd8 19.Rfe1 b5 20.Nf3 Nxf3+ 21.gxf3 b4 22.Na4 Bf8
23.b3 Bd7 24.Nb2 Re8 25.Nc4 Rxe1+ 26.Rxe1 Re8 27.Rxe8 Bxe8 28.Kf2 Bd6 29.Nxd6 Kxd6
30.Bb7 a5 31.f4 h6 32.h4 g5 33.fxg5 hxg5 34.hxg5 Ke5 35.Ke3 f4+ 36.Kd3 Kf5  1/2-1/2

[Event "5th LGA Premium Cup"]
[Site "Nuernberg GER"]
[Date "2008.09.07"]
[Round "7"]
[White "Boguslavskyy,O"]
[Black "Bachmann,Ax"]
[Result "0-1"]
[WhiteElo "2402"]
[BlackElo "2511"]

1.e4 c5 2.Nf3 e6 3.d4 cxd4 4.Nxd4 a6 5.Bd3 Qc7 6.Nc3 Nc6 7.Be3 Nf6 8.O-O h5
9.Nxc6 Ng4 10.g3 Nxe3 11.fxe3 dxc6 12.Qf3 Bd6 13.Ne2 Be5 14.c3 g5 15.Rf2 f6
16.Nc1 Bd7 17.Bc2 g4 18.Qg2 h4 19.Ne2 hxg3 20.hxg3 Qb6 21.Rd1 Qxe3 22.Rd3 Qb6
23.Bb3 O-O-O 24.Kf1 c5  0-1

[Event "DMP Ekstraliga"]
[Site "Karpacz POL"]
[Date "2008.09.08"]
[Round "3"]
[White "Kopczynski,M"]
[Black "Jaracz,P"]
[Result "1/2-1/2"]
[WhiteElo "2201"]
[BlackElo "2501"]

1.e4 c5 2.Nf3 e6 3.d4 cxd4 4.Nxd4 a6 5.Bd3 Nf6 6.O-O d6 7.Be3 Nbd7 8.c4 g6
9.Nc3 Bg7 10.f4 O-O 11.f5 Re8 12.fxe6 fxe6 13.Be2 b6 14.Bg5 Ne5 15.Qd2 Qe7
16.Qf4 Rf8 17.Qh4 Rf7 18.Rf2 Bd7 19.Raf1 Raf8 20.h3 Qd8 21.b4 Qe7 22.b5 axb5
23.cxb5 Qd8 24.Na4 h6 25.Bxh6 Bxh6 26.Qxh6 Nxe4 27.Rxf7 Rxf7 28.Rxf7 Kxf7
29.Qh7+ Kf6 30.Qh4+ Ng5 31.Nf3 Nxf3+ 32.gxf3 Kg7 33.Qd4+ e5 34.Qxd6 Nf7 35.Qd2 Ng5
36.Kh2 Qe7 37.Nxb6 Bxb5 38.Nd5 Bxe2 39.Qxe2 Qe6 40.Qg2 Qxd5 41.Qxg5 Qxa2+
42.Kg3  1/2-1/2

[Event "3rd PGMA Cup"]
[Site "Manila PHI"]
[Date "2008.09.08"]
[Round "2"]
[White "Ballecer,D"]
[Black "Jia Haoxiang"]
[Result "0-1"]
[WhiteElo "2419"]
[BlackElo "2303"]

1.e4 c5 2.Nf3 e6 3.d4 cxd4 4.Nxd4 a6 5.Bd3 Qb6 6.Nb3 Qc7 7.Nc3 Nf6 8.a4 b6
9.Bg5 Bb7 10.Qe2 d6 11.f4 Nbd7 12.O-O Be7 13.Rae1 e5 14.Kh1 O-O 15.Rf3 Rfe8
16.Bxf6 Bxf6 17.f5 Rec8 18.Nd2 Bg5 19.Rh3 b5 20.axb5 axb5 21.Bxb5 Nb6 22.Rd3 Bc6
23.Nf3 Be7 24.Bxc6 Qxc6 25.Rc1 Qc4 26.b3 Qb4 27.Qd2 Ra7 28.Ng1 h6 29.Rd1 Rac7
30.Nge2 Bg5 31.Qe1 Rc6 32.h4 Bd8 33.Qg3 Nd7 34.Qf3 Qb8 35.Na4 Rxc2 36.Rxd6 Nf6
37.g4 Be7 38.R6d3 Qb4 39.Nac3 Ne8 40.Nd5 Qb7 41.Ne3 R2c7 42.Ng2 Nf6 43.Ng3 Nd7
44.Nh5 Nc5 45.Re3 Rd7 46.Rde1 Rc6 47.Qg3 f6 48.g5 hxg5 49.Qg4 Bf8 50.hxg5 fxg5
51.Qxg5 Rh6 52.Nh4 Nd3 53.Rg1 Nf2+ 54.Kh2 Rd2 55.Rg2 Nxe4 56.Rxe4 Rxg2+ 57.Qxg2 Rxh5
58.Rg4 Qe7 59.Qd5+ Kh7 60.Kg3 e4 61.Qxe4 Qf6 62.Ng6 Bd6+ 63.Nf4 Qc3+ 64.Kg2 Qd2+
65.Kf3 Qd1+ 66.Qe2 Qxb3+ 67.Qd3 Rh3+ 68.Nxh3 Qxd3+ 69.Kg2 Qxf5 70.Nf2 g5
71.Ra4 Bc5 72.Ne4 Be3 73.Ng3 Qc2+  0-1

[Event "3rd PGMA Cup"]
[Site "Manila PHI"]
[Date "2008.09.08"]
[Round "3"]
[White "Shanava,K"]
[Black "Wang Li"]
[Result "1/2-1/2"]
[WhiteElo "2522"]
[BlackElo "2392"]

1.e4 c5 2.Nf3 e6 3.d4 cxd4 4.Nxd4 a6 5.Bd3 d5 6.exd5 Qxd5 7.O-O Nd7 8.Be3 Bc5
9.Nc3 Qe5 10.Nf3 Qc7 11.Qe2 Bxe3 12.Qxe3 Ngf6  1/2-1/2

[Event "SuperLiga-ROM"]
[Site "Eforie Nord ROM"]
[Date "2008.09.09"]
[Round "9"]
[White "Ocnarescu,V"]
[Black "Cozmolici,S"]
[Result "1-0"]
[WhiteElo "2184"]
[BlackElo "2020"]

1.e4 c5 2.Nf3 e6 3.d4 cxd4 4.Nxd4 a6 5.Bd3 Nf6 6.O-O d6 7.c4 Be7 8.Nc3 O-O
9.Be3 Qc7 10.Rc1 Nbd7 11.f3 b6 12.b4 Bb7 13.Nb3 Rac8 14.a3 Qb8 15.Be2 Bd8
16.Kh1 Bc7 17.Bg1 Qa8 18.Qd4 Rfe8 19.Rfe1 Red8 20.Bf1 Bb8 21.Red1 Bc7 22.Qd2 Bc6
23.Be3 Bb7 24.Qf2 Qb8 25.Bf4 Nh5 26.Bg5 Nhf6 27.Rd2 h6 28.Be3 Re8 29.Rcd1 Red8
30.Bf4 Nf8 31.Be3 N8d7 32.Bd4 Re8 33.Qh4 Red8 34.Bg1 Ne5 35.Bd4 Ned7 36.Qe1 Re8
37.Qf2 Red8 38.Be3 Re8 39.Bf4 e5 40.Be3 Red8 41.Ne2 Kh7 42.Qh4 Ng8 43.g4 g6
44.Bh3 Bc6 45.Nc3 Re8 46.Bxh6 Nxh6 47.g5 Nf8 48.Bxc8 Rxc8 49.Qxh6+ Kg8 50.Nd5 Bxd5
51.cxd5 Bd8 52.Rd3 f6 53.f4 Rc7 54.Qh4 Rh7 55.Qg4 exf4 56.Rc3 Qb7 57.Qxf4 Qd7
58.Rf1 Rf7 59.Nd4 Nh7 60.Ne6 f5 61.h4 Nf8 62.Nxd8 Qxd8 63.h5 Rh7 64.h6 Rf7
65.Rcf3 Qe7 66.Qe3 Nd7 67.exf5 Ne5 68.fxg6 Rxf3 69.Rxf3 Qe8 70.Rf7 Qc8 71.h7+ Kh8
72.g7+ Kxh7 73.Rf8  1-0

[Event "Open"]
[Site "Herzliya ISR"]
[Date "2008.09.09"]
[Round "6"]
[White "Shevelev,A"]
[Black "Kantsler,B"]
[Result "1/2-1/2"]
[WhiteElo "2293"]
[BlackElo "2487"]

1.e4 c5 2.Nf3 e6 3.d4 cxd4 4.Nxd4 a6 5.Bd3 Nf6 6.O-O d6 7.c4 b6 8.Nc3 Bb7
9.Qe2 Nbd7 10.f4 g6 11.Nf3 Bg7 12.Bd2 O-O 13.Rae1 Qc7 14.Kh1  1/2-1/2

[Event "3rd PGMA Cup"]
[Site "Manila PHI"]
[Date "2008.09.09"]
[Round "4"]
[White "Gomez,Joh"]
[Black "Ghaem Maghami,E"]
[Result "1/2-1/2"]
[WhiteElo "2457"]
[BlackElo "2597"]

1.e4 c5 2.Nf3 e6 3.d4 cxd4 4.Nxd4 a6 5.Bd3 Nf6 6.O-O d6 7.c4 Nc6 8.Be3 Be7
9.Nc3 O-O 10.Rc1 Bd7 11.Kh1 Rc8 12.f4 e5 13.Nf5 Bxf5 14.exf5 Re8 15.g4 d5
16.Bg1 d4 17.Ne4  1/2-1/2

[Event "I Liga Seniorow"]
[Site "Ustron POL"]
[Date "2008.09.09"]
[Round "4"]
[White "Chlost,M"]
[Black "Korosciel,A"]
[Result "1-0"]
[WhiteElo "2131"]
[BlackElo "2067"]

1.e4 c5 2.Nf3 e6 3.d4 cxd4 4.Nxd4 a6 5.Bd3 Bc5 6.Nb3 Ba7 7.Qg4 Nf6 8.Qg3 Nc6
9.O-O d6 10.Nc3 b5 11.Kh1 Ne5 12.f4 Nxd3 13.cxd3 h5 14.e5 Ng4 15.Ne4 d5 16.Nd6+ Kf8
17.Bd2 Bb6 18.Rac1 Nh6 19.Qg5 Bd7 20.Qxd8+ Rxd8 21.Ba5 Bxa5 22.Nxa5 Nf5 23.Nab7 Ra8
24.Rc7 Nxd6 25.exd6 Ke8 26.Rfc1 Rb8 27.Rxd7  1-0

[Event "61st ch-RUS HL"]
[Site "Novokuznetsk RUS"]
[Date "2008.09.10"]
[Round "7"]
[White "Pokazanjev,N"]
[Black "Shaposhnikov,E"]
[Result "0-1"]
[WhiteElo "2442"]
[BlackElo "2558"]

1.e4 c5 2.Nf3 e6 3.d4 cxd4 4.Nxd4 a6 5.Bd3 Bc5 6.Nb3 Be7 7.Qg4 g6 8.Qe2 d6
9.a4 b6 10.Na3 Nd7 11.O-O Bb7 12.a5 b5 13.c4 b4 14.Nc2 Nc5 15.Nxc5 dxc5 16.e5 Qc7
17.Be4 h5 18.Rd1 Kf8 19.Bxb7 Qxb7 20.Ne1 Kg7 21.Qf3 Ra7 22.Be3 Qxf3 23.Nxf3 Nh6
24.Rd6 Bxd6 25.exd6 Rc8 26.Ne5 Ng4 27.d7 Rd8 28.Bxc5 Nxe5 29.Bxa7 Rxd7 30.Bc5 b3
31.Bb4 Nxc4 32.h4 f6 33.Bc3 e5 34.Ra4 Nd6 35.Kf1 Kf7 36.Ke2 Ke6 37.f3 Kd5
38.f4 Rc7 39.fxe5 fxe5 40.Ra3 Rxc3 41.bxc3 Kc4 42.Kd2 Ne4+ 43.Kc1 Kxc3  0-1

[Event "I Liga Seniorow"]
[Site "Ustron POL"]
[Date "2008.09.10"]
[Round "5"]
[White "Tomczak,J"]
[Black "Pazdziora,Mi"]
[Result "1-0"]
[WhiteElo "2451"]
[BlackElo "2236"]

1.e4 c5 2.Nf3 e6 3.d4 cxd4 4.Nxd4 a6 5.Bd3 Nf6 6.O-O d6 7.c4 Be7 8.Nc3 Nbd7
9.Be3 O-O 10.f4 Re8 11.Nb3 b6 12.g4 g6 13.g5 Nh5 14.Be2 Ng7 15.a4 Bb7 16.a5 Nc5
17.Bf3 f5 18.gxf6 Bxf6 19.axb6 Bxc3 20.Nxc5 dxc5 21.Qxd8 Rexd8 22.bxc3 Rd3
23.Bxc5 Rxc3 24.Rac1 Rxc1 25.Rxc1 Nh5 26.Bd6 Nf6 27.c5 Rc8 28.Bc7 Bc6 29.Be2 Ra8
30.Rb1  1-0

[Event "II ROMGAZ Open"]
[Site "Bucharest ROU"]
[Date "2008.09.11"]
[Round "1"]
[White "Mamedov,Nid"]
[Black "Clitan,Z"]
[Result "1-0"]
[WhiteElo "2564"]
[BlackElo "2045"]

1.e4 c5 2.Nf3 e6 3.d4 cxd4 4.Nxd4 a6 5.Bd3 Bc5 6.Nb3 Be7 7.Be3 d6 8.f4 Nd7
9.Qe2 Ngf6 10.N1d2 O-O 11.g4 e5 12.f5 d5 13.g5 Nxe4 14.Bxe4 dxe4 15.Nxe4 Re8
16.O-O-O Qc7 17.f6 Bf8 18.fxg7 Bxg7 19.Qh5 Qc6 20.Nd6 Rf8 21.Rhf1 Nb6 22.Rxf7 Bf5
23.Rxf5  1-0

[Event "3rd PGMA Cup"]
[Site "Manila PHI"]
[Date "2008.09.11"]
[Round "7"]
[White "Legaspi,R"]
[Black "Wang Xiaohui"]
[Result "1-0"]
[WhiteElo "2315"]
[BlackElo "2215"]

1.e4 c5 2.Nf3 e6 3.d4 cxd4 4.Nxd4 a6 5.Bd3 Nf6 6.O-O d6 7.b3 Be7 8.Bb2 O-O
9.Nd2 b6 10.f4 Nfd7 11.e5 Nc5 12.Ne4 Nxd3 13.Qxd3 dxe5 14.fxe5 Bb7 15.Rf4 Nd7
16.Qg3 Bxe4 17.Rxe4 g6 18.Kh1 Qc7 19.Rf1 Rad8 20.h4 Qb7 21.Rg4 Qd5 22.Nf3 Nc5
23.h5 Kh8 24.Qh3 Rg8 25.hxg6 fxg6 26.Nh4 g5 27.Rf7 gxh4 28.Rxg8+ Rxg8 29.Rxe7 Qe4
30.Qf3 Qe1+ 31.Kh2 Qg3+ 32.Qxg3 hxg3+ 33.Kh3 Rg6 34.Bc1 Kg8 35.Kh4 Ne4 36.Kh5 Nc3
37.Bh6 Nxa2 38.Re8+ Kf7 39.Rh8 Rg8 40.Rxh7+ Ke8 41.Bg5 Nb4 42.Re7+ Kf8 43.Rxe6 Nxc2
44.Rxb6 Ne1 45.Rb8+ Kg7 46.Rb7+ Kf8 47.Bh6+ Ke8 48.Rb8+  1-0